000 00684nam a22002177a 4500
003 UA-OsUOA
001 36462
007 ta
008 20060927b un ||||| |||| 00| 0 ukr d
090 _a082
_bЗ-32
942 _cBK
040 _aUA-OsUOA
_bukr
_cUA-OsUOA
_dUA-OsUOA
245 _aЗаписки Наукового Товариства імені Шевченка.
_bCCXL
_cПраці Комісії спеціальних (допоміжних) історичних дисциплін.
300 _a730 с.
955 _a1
041 _aukr
080 _a082
260 _aЛьвів
_c2000
650 7 _a08 Видання. Колективні праці
_2UDC
999 _c434991
_d434991